000 00802nam a2200241Ia 4500
003 OSt
005 20220923211459.0
006 a|||||r|||| 00| 0
007 ta
008 Pun
020 _a9789352041121 (hbk)
_c695
024 _a290,177
037 _b1015, 09/03/2016, H.K. Prakashan
_cTextual
040 _aARTS
_cARTS
_bPun
041 _2Pun
_aPun
082 _aP153, Q5
100 _aਸਰਹੱਦੀ, ਸੁਲੱਖਣ
245 0 _aਕੇ੍ਵਦਰੀ ਪੰਜਾਬੀ ਲੇਖਕ ਸਭਾ ਦਾ ਇਤਿਹਾਸ
260 _aਚੰਡੀਗੜ੍ਹ
_b ਲੋਕਗੀਤ ਪ੍ਰਕਾFਨ
_c2015
300 _a400ਪੰ
_ccm.
942 _hP153, Q5
_cTEXL
_2CC
999 _c299975
_d299975